| 000 -LEADER |
| fixed length control field |
01289nam a2200229Ia 4500 |
| 001 - CONTROL NUMBER |
| control field |
11500 |
| 003 - CONTROL NUMBER IDENTIFIER |
| control field |
GE_BSU |
| 008 - FIXED-LENGTH DATA ELEMENTS--GENERAL INFORMATION |
| fixed length control field |
181216s||||||||xx |||||||||||||| ||und|| |
| 040 ## - CATALOGING SOURCE |
| Transcribing agency |
GE_BSU |
| 080 ## - UNIVERSAL DECIMAL CLASSIFICATION NUMBER |
| Universal Decimal Classification number |
53(076.5)+531/534+539.19 |
| 100 ## - MAIN ENTRY--PERSONAL NAME |
| Personal name |
ბრეგვაძე,გ; კურკუმული,გ; ლეჟავა,ე. და სხვ. |
| 245 ## - TITLE STATEMENT |
| Title |
ფიზიკის ლაბორატორიული პრაქტიკუმი. |
| 245 ## - TITLE STATEMENT |
| Remainder of title |
(მექანიკა და მოლეკულური ფიზიკა).სახელმძღვ.პოლიტექნიკური ინ-ტის სტუდენტებისათვის. |
| 245 ## - TITLE STATEMENT |
| Statement of responsibility, etc. |
რედ:ლ.მამალაძე; ა.ბესელაია. |
| 250 ## - EDITION STATEMENT |
| Edition statement |
გამოც.მე-2. |
| 260 ## - PUBLICATION, DISTRIBUTION, ETC. |
| Place of publication, distribution, etc. |
თბილისი |
| 260 ## - PUBLICATION, DISTRIBUTION, ETC. |
| Name of publisher, distributor, etc. |
განათლება |
| 260 ## - PUBLICATION, DISTRIBUTION, ETC. |
| Date of publication, distribution, etc. |
1983 |
| 300 ## - PHYSICAL DESCRIPTION |
| Extent |
273გვ;22სმ. |
| 653 ## - INDEX TERM--UNCONTROLLED |
| Uncontrolled term |
ფიზიკის ლაბორატორიული პრაქტიკუმი.(მექანიკა და მოლეკულური ფიზიკა).სახელმძღვ.პოლიტექნიკური ინ-ტის სტუდენტებისათვის. |
| 942 ## - ADDED ENTRY ELEMENTS (KOHA) |
| Koha item type |
წიგნი |